000 00470cam a2200157ua 4500
041 _amal
_h
082 _a894.8121
_bKUN/BH
100 _aKunhukuttan Thampuran, Kodungallur.
245 _aBhashabharatham: Harivamsam - Vishnu bhavishyal parvangal /
_cKodungallur Kunnukuttan Thampuran.
_hTextual Documents
250 _a1 /
_b.
260 _aCheruthuruthy :
_bVallathol Granthalayam ,
_c1958.
300 _a730 ; .
504 _a
942 _cBK
999 _c6515
_d6515